00400pab a2200145 454500008004000000100001700040245006100057260000900118300001400127362000800141650003600149650001400185700001900199773003600218180718b2008 xxu||||| |||| 00| 0 eng d aDev, Chandra aChanging scenario of livestock enterprise of Uttarakhand c2008 ap.531-35. aFeb aLivestock - India - Uttarakhand aLivestock aKhanduri, B.K. aAgricultural Situation in India